| 000 | 00605nam a2200193Ia 4500 | ||
|---|---|---|---|
| 008 | 131103s9999 xx 000 0 und d | ||
| 020 | _cRs. 40 | ||
| 040 | _aLoreto College | ||
| 041 | _aEnglish | ||
| 082 |
_a342.54/JOH _bLCLIB(press)/27712 |
||
| 100 | _aJohari,J.C. | ||
| 245 |
_aIndian government and politics _b historical setting,basic framework,state structure and political dynamics _cJ.C.Johari |
||
| 250 | _a5th ed. | ||
| 260 |
_aDelhi _bVishal Publications _c1981 |
||
| 300 |
_a880p _c 22 cm. |
||
| 504 | _aIncludes bibliographical references | ||
| 850 | _aLCLIB/342.54/JOH | ||
| 942 | _cBK | ||
| 999 |
_c24819 _d75298 |
||